Golden prey. #27 / John Sandford.
Available copies
- 10 of 10 copies available at LARL/NWRL Consortium.
- 3 of 3 copies available at Lake Agassiz Regional Library. (Show preferred library)
Current holds
0 current holds with 10 total copies.
View other formats and editions
Show Only Available Copies
| Location | Call Number / Copy Notes | Barcode | Shelving Location | Status | Due Date |
|---|---|---|---|---|---|
| Barnesville Public Library | SAN (Text) | 33500012474771 | Main | Available | - |
| Hawley Public Library | SAN (Text) | 33500012582862 | Main | Available | - |
| Moorhead Public Library | SAN (Text) | 33500012474698 | Main | Available | - |
| Godel Memorial-Warren Library | SAN (Text) | 35500005864051 | Main | Available | - |
| Greenbush Public Library | SAN (Text) | 35500005864150 | Main | Available | - |
| Grygla LINK Site | SAN (Text) | 35500005864143 | Main | Available | - |
| Hallock Public Library | SAN (Text) | 35500005896210 | Main | Available | - |
| Karlstad LINK Site | SAN (Text) | 35500005885049 | Main | Available | - |
| Roseau Public Library | SAN (Text) | 35500005863954 | Main | Available | - |
| Warroad Public Library | SAN (Text) | 35500005863947 | Main | Available | - |
Record details
- ISBN: 9780399184574
- ISBN: 0399184570
- Physical Description: 392 pages ; 24 cm.
- Publisher: New York : G.P. Putnam's Sons, [2017]
Content descriptions
| Summary, etc.: | "The man was smart and he didn't mind killing ... Read More |
Search for related items by subject
| Genre: | Fiction. Suspense fiction. Suspense fiction. Detective and mystery fiction. Thrillers (Fiction) Detective and mystery fiction. Thrillers (Fiction.) |
Search for related items by series
| LDR | 03008cam a22006258i 4500 | ||
|---|---|---|---|
| 001 | 216807 | ||
| 003 | LARL_NWRL_CONSORTIUM | ||
| 005 | 20170420200414.0 | ||
| 008 | 170310s2017 nyu 000 1 eng | ||
| 010 | . | ‡a 2017004690 | |
| 040 | . | ‡aDLC ‡beng ‡erda ‡cDLC ‡dYDXCP ‡dBTCTA ‡dBDX ‡dT3D ‡dFN4 ‡dOCLCF ‡dOCLCQ ‡dOCLCO ‡dIEB ‡dOCL ‡dFMF ‡dZHB ‡dIK2 ‡dPFLCL | |
| 020 | . | ‡a9780399184574 ‡q(hardcover) | |
| 020 | . | ‡a0399184570 ‡q(hardcover) | |
| 020 | . | ‡z9780735215788 ‡q(international) | |
| 035 | . | ‡a(OCoLC)954669337 | |
| 042 | . | ‡apcc | |
| 082 | 0 | 0. | ‡a813/.54 ‡223 |
| 084 | . | ‡aFIC050000 ‡aFIC030000 ‡aFIC022000 ‡2bisacsh | |
| 100 | 1 | . | ‡aSandford, John, ‡d1944 February 23- ‡eauthor. ‡0(LARL_NWRL_CONSORTIUM)220778 |
| 245 | 1 | 0. | ‡aGolden prey. ‡n#27 / ‡cJohn Sandford. |
| 264 | 1. | ‡aNew York : ‡bG.P. Putnam's Sons, ‡c[2017] | |
| 300 | . | ‡a392 pages ; ‡c24 cm. | |
| 336 | . | ‡atext ‡btxt ‡2rdacontent | |
| 337 | . | ‡aunmediated ‡bn ‡2rdamedia | |
| 338 | . | ‡avolume ‡bnc ‡2rdacarrier | |
| 490 | 0 | . | ‡aPrey ; ‡v27 |
| 520 | . | ‡a"The man was smart and he didn't mind killing people. Welcome to the big leagues, Davenport. Lucas Davenport's first case as a U.S. Marshal sends him into uncharted territory... Thanks to some very influential people whose lives he saved, Lucas is no longer working for the Minnesota Bureau of Criminal Apprehension, but for the U.S. Marshals Service, and with unusual scope. He gets to pick his own cases, whatever they are, wherever they lead him. And where they've led him this time is into real trouble."-- ‡cProvided by publisher. | |
| 610 | 1 | 0. | ‡aUnited States. ‡bMarshals Service ‡xOfficials and employees ‡vFiction. |
| 610 | 1 | 4. | ‡aUnited States ‡bMarshals Service. ‡0(LARL_NWRL_CONSORTIUM)2396 |
| 650 | 0. | ‡aDavenport, Lucas (Fictitious character) ‡vFiction. ‡0(LARL_NWRL_CONSORTIUM)171813 | |
| 650 | 0. | ‡aMurder ‡xInvestigation ‡vFiction. ‡0(LARL_NWRL_CONSORTIUM)166203 | |
| 650 | 7. | ‡aFICTION ‡xCrime. ‡2bisacsh | |
| 650 | 7. | ‡aFICTION ‡xSuspense. ‡2bisacsh | |
| 650 | 7. | ‡aFICTION ‡xMystery & Detective ‡xGeneral. ‡2bisacsh | |
| 650 | 7. | ‡aDavenport, Lucas (Fictitious character) ‡2fast ‡0(LARL_NWRL_CONSORTIUM)38526 | |
| 650 | 7. | ‡aMurder ‡xInvestigation. ‡2fast ‡0(LARL_NWRL_CONSORTIUM)26286 | |
| 650 | 4. | ‡aFICTION / Crime. | |
| 650 | 4. | ‡aDrug dealers ‡0(LARL_NWRL_CONSORTIUM)26510 | |
| 650 | 4. | ‡aDavenport, Lucas (Fictitious character.) ‡0(LARL_NWRL_CONSORTIUM)38526 | |
| 651 | 4. | ‡aMississippi ‡zBiloxi. | |
| 655 | 7. | ‡aFiction. ‡2fast | |
| 655 | 7. | ‡aSuspense fiction. ‡2fast | |
| 655 | 7. | ‡aSuspense fiction. ‡2gsafd | |
| 655 | 7. | ‡aDetective and mystery fiction. ‡2lcgft | |
| 655 | 7. | ‡aThrillers (Fiction) ‡2lcgft | |
| 655 | 4. | ‡aDetective and mystery fiction. | |
| 655 | 4. | ‡aThrillers (Fiction.) | |
| 776 | 0 | 8. | ‡iOnline version: ‡aSandford, John, 1944 February 23- author. ‡tGolden prey. ‡dNew York : G.P. Putnam's Sons, [2017] ‡z9780399184581 ‡w(DLC) 2017011952 |
| 901 | . | ‡a216807 ‡bOCoLC ‡c216807 ‡tbiblio ‡soclc | |

Add to basket
Permalink
Disable Highlighting